| 000 | 00747nam a22002657a 4500 | ||
|---|---|---|---|
| 005 | 20220803152301.0 | ||
| 008 | 220803b ||||| |||| 00| 0 eng d | ||
| 040 | _cAL | ||
| 041 | _aEnglish | ||
| 082 |
_223 _a331.0959 _bPILL |
||
| 100 |
_aP P Pillai _954682 |
||
| 245 | _aLabour in South East Asia: A Symposium | ||
| 260 |
_aNew Delhi _bIndian Council of World Affairs _c1947 |
||
| 300 |
_axi,281 p. _bHB _c25x17 cm. |
||
| 650 |
_aSoutheast Asia _954683 |
||
| 650 |
_aChina _954684 |
||
| 650 |
_aSri Lanka _954685 |
||
| 650 |
_aIndia _954686 |
||
| 650 |
_aLabor _954687 |
||
| 650 |
_aWorking class _954688 |
||
| 650 |
_aSocial conditions _954689 |
||
| 650 |
_aLabor policy _954690 |
||
| 700 |
_aPILLAI (P P) Ed _954691 |
||
| 942 |
_2ddc _cGF |
||
| 999 |
_c224427 _d224427 |
||